El líder de la próxima generación : (Registro nro. 12786)

Detalles MARC
000 -LIDER
fixed length control field 00770nam a22002177a 4500
003 - IDENTIFICACDOR DE NÚMERO DE CONTROL
control field DO-SdBNP
005 - DATE AND TIME OF LATEST TRANSACTION
control field 20171130110123.0
008 - ELEMENTOS DE LONGITUD FIJA
fixed length control field 171108b 2003 fl a ||||| |||| 00| 0 spa d
020 ## - ISBN
International Standard Book Number 0789911493
040 ## - FUENTE DE CATALOGACIÓN
Agencia que crea de manera original el registro BPMSU
Idioma de catalogación spa
Agencia que realiza la transcripción BPMSU
092 ## - LOCALLY ASSIGNED DEWEY DECIMAL CALL NUMBER
Número de clasificación xxxx
Número de ítem (Cutter) xxxx
100 1# - ASIENTO PRINCIPAL -- NOMBRE PERSONAL
Nombre personal Stanley, Andy
240 10 - TITULO UNIFORME
Título uniforme Next Generation Leader.
Idioma de una obra Español
245 10 - MENCIÓN DE TITULO
Título El líder de la próxima generación :
Subtítulo 5 elementos esenciales para los forjadores del futuro /
Mención de responsabilidad Andy Stanley ; Traducido al español por: Carolina Galán de Jackson.
260 ## - PUBLICACIÓN, DISTRIBUCIÓN, ETC. (PIE DE IMPRENTA)
Lugar de publicación, distribución, etc Miami, Fla. :
Nombre del editor, distribuidor, etc. Unilit,
Fecha de publicación, distribución, etc 2003.
300 ## - DESCRIPCIÓN FÍSICA
Extensión 165 p. ;
Dimensiones 21 cm.
700 12 - ASIENTO SECUNDARIO -- NOMBRE PERSONAL
Nombre personal Galán de Jackson, Carolina,
Fechas asociadas con el nombre tr.
942 ## - ADDED ENTRY ELEMENTS (KOHA)
Source of classification or shelving scheme Dewey Decimal Classification
Koha item type Libros
945 ## - INFORMACIÓN DE PROCESAMIENTO LOCAL
Información de procesamiento local Inventariado extranjero /2017 BT
956 ## - LOCAL ELECTRONIC LOCATION AND ACCESS (OCLC)
Nombre de host LOPEREZ
Número de acceso 10
Información de compresión 20171108
Trayectoria 0041
Existencias
Withdrawn status Lost status Source of classification or shelving scheme Damaged status Not for loan Collection code Home library Current library Date acquired Source of acquisition Total Checkouts Barcode Date last seen Price effective from Koha item type
    Dewey Decimal Classification     Colección General Biblioteca Pública Metropolitana Salomé Ureña Biblioteca Pública Metropolitana Salomé Ureña 11/08/2017 FUNDI   BPMSU17110073 11/08/2017 11/08/2017 Libros